Isabel la Católica : su vida y su tiempo /
Biografía de Isabel de Castilla (1451-1504), quien tras sobrevivir a las intrigas de la corte castellana, contrajo en secreto matrimonio con Fernando de Aragón y asumió sola la corona, en una decisión que dio pie a la formación de España y abrió las puertas para que su hija y otras mujeres pudieran...
Salvato in:
| Autore principale: | |
|---|---|
| Natura: | Libro |
| Lingua: | spagnolo |
| Pubblicazione: |
Madrid, España :
Nerea,
1998, c1998
|
| Serie: | (Serie Media ;
5) |
| Soggetti: | |
| Tags: |
Nessun Tag, puoi essere il primo ad aggiungerne!!
|
MARC
| LEADER | 00000nam^a2200000^a^4500 | ||
|---|---|---|---|
| 001 | 000142910 | ||
| 005 | 20250521000000.0 | ||
| 009 | 20260310095707.176 | ||
| 020 | |a 84-89569-27-4 | ||
| 037 | |a Acervo ITESO - Biblioteca | ||
| 041 | |a ESP | ||
| 082 | |a 946. 03 |b LIS | ||
| 100 | |a Liss, Peggy K. |e (autor) | ||
| 245 | 1 | 0 | |a Isabel la Católica : |b su vida y su tiempo / |c P.K. Liss ; tr. por Javier Sánchez García-Gutiérrez. |
| 264 | 4 | |a Madrid, España : |b Nerea, |c 1998, c1998 | |
| 300 | |a 382 p. | ||
| 336 | |a texto |b txt |2 rdacontenido | ||
| 337 | |a sin mediación |b n |2 rdamedio | ||
| 338 | |a volumen |b nc |2 rdasoporte | ||
| 440 | 1 | |a (Serie Media ; |v 5) | |
| 500 | |a Traducción de: Isabel the Queen: Life and Times | ||
| 520 | |a Biografía de Isabel de Castilla (1451-1504), quien tras sobrevivir a las intrigas de la corte castellana, contrajo en secreto matrimonio con Fernando de Aragón y asumió sola la corona, en una decisión que dio pie a la formación de España y abrió las puertas para que su hija y otras mujeres pudieran gobernar por derecho propio. Al mismo tiempo, la monarca castellana instituyó la Inquisición, se apoderó del reino moro de Granada, expulsó a los judíos y puso en marcha acontecimientos quizás no del todo benéficos para los indígenas americanos. La autora sugiere respuestas en torno al presunto fanatismo religioso de Isabel la Católica y acerca de las razones que la llevaron a crear la Inqusición o a expulsar a judíos y musulmanes de territorio español. | ||
| 649 | |a XX | ||
| 650 | |a Reyes Españoles | ||
| 650 | |a Políticos Españoles | ||
| 650 | |a Mujeres Españolas | ||
| 650 | |a Política - |z España - |x Historia - |y Fernando e Isabel, 1479-1516 | ||
| 650 | |a España - |x Historia - |y Fernando e Isabel, 1479-1516 | ||
| 650 | |a España - |x Historia - |y Siglo XV | ||
| 650 | |a Isabel, La Católica, |c Reina de España - |x Tema Principal | ||
| 910 | |a Fondo General | ||
| 920 | |a Impresos - Libros | ||
| 930 | |a Colección General | ||
| 905 | |a 101 | ||
| 901 | |a 0500071407 |b IT1 |c ACC |u 20250521 | ||
| 902 | |a https://opac.biblio.iteso.mx/vufind/Record/000142910 | ||